100 anos de legislação de trânsito no Brasil : (Record no. 1261)

MARC details
000 -LÍDER
Campo Fixo de Controle 00898nam a2200241 a 4500
001 - NÚMERO DE CONTROLE
Campo de Controle 1261
003 - IDENTIFICAÇÃO DO NÚMERO DE CONTROLE
Campo de Controle BR-CuiBMT
005 - DATA E HORA DA ÚLTIMA ATUALIZAÇÃO
Campo de Controle 20231202180527.0
008 - DADOS FIXOS
Dados Fixos 230808s2010 dfba 000 0 por d
020 ## - INTERNATIONAL STANDARD BOOK NUMBER
Nº do ISBN 9788579580093
040 ## - AGÊNCIA CATALOGADORA
Código da Agência Catalogadora BR-CuiBMT
Agência que transcreveu o registro BR-CuiBMT
080 ## - Nº DA CLASSIFICAÇÃO DECIMAL UNIVERSAL
Nº Class. CDU 656.1/.5
Subd. Auxiliar Comum (81)
-- (094.5)
Nº edição CDU 2007
090 ## - NÚMERO DE CHAMADA
Nº classificação 656.1/.5(81)(094.5)
Cutter B823c
110 1# - ENTRADA PRINCIPAL -- ENTIDADE
Nome da entidade ou lugar Brasil.
Unidade subordinada Departamento Nacional de Trânsito.
245 10 - TÍTULO PRINCIPAL
Título principal 100 anos de legislação de trânsito no Brasil :
Subtítulo 1910 - 2010 /
Indicação de responsabilidade Ministério das Cidades, Departamento Nacional de Trânsito, Conselho Nacional de Trânsito.
260 ## - PUBLICAÇÃO, DISTRIBUIÇÃO, ETC.
Local de publicação Brasília :
Editora Ministério das Cidades,
Data c2010.
300 ## - DESCRIÇÃO FÍSICA
N. páginas ou volumes 264 p. ;
Ilustrações il. color. :
Dimensões 28 cm
504 ## - NOTA DE BIBLIOGRAFIA, ETC.
Nota de bibliografia Inclui bibliografia e índice.
650 ## - ASSUNTO TÓPICO
Cabeçalho tópico ou nome geográfico Código de trânsito brasileiro
650 ## - ASSUNTO TÓPICO
Cabeçalho tópico ou nome geográfico Trânsito
Subdivisão geral Legislação
Subdivisão geográfica Brasil
650 ## - ASSUNTO TÓPICO
Cabeçalho tópico ou nome geográfico Trânsito
Subdivisão geral Evolução histórica
Subdivisão geográfica Brasil
942 ## - ELEMENTOS DE ENTRADA ADICIONAIS (KOHA)
Fonte de classificação ou esquema de arquivamento Classificação Decimal Universal
Tipo de item do Koha Livros
Holdings
Estado: removido Estado: perdido Fonte de classificação ou esquema de arquivamento Estado: danificado Indisponível para empréstimo Localização permanente Localização atual Data de aquisição Total Checkouts Número de Chamada completo Código de barras Date last seen Número do exemplar Preço efetivo a partir de Tipo de item (Koha)
    Classificação Decimal Universal     Biblioteca da Escola Superior de Contas do TCE/MT Biblioteca da Escola Superior de Contas do TCE/MT 02/12/2023   656.1/.5(81)(094.5) B823c BIBTCEMT23120071 02/12/2023 Ex. 1 02/12/2023 Livros

Powered by Koha